[Event "BCF-chT4S 1718 (4NCL)"]
[Site "England"]
[Date "2018.03.24"]
[Round "7.86"]
[White "Mountford, Corinne"]
[Black "Miller, Max C"]
[Result "0-1"]
[WhiteElo "1671"]
[BlackElo "1392"]
[PlyCount "71"]
[EventDate "2017.11.11"]
[EventType "team-swiss"]
[EventRounds "11"]
[EventCountry "ENG"]
[SourceTitle "EXT 2020"]
[Source "ChessBase"]
[SourceDate "2019.10.17"]
[SourceVersion "1"]
[SourceVersionDate "2019.10.17"]
[SourceQuality "1"]
[WhiteTeam "Poisoned Pawns II"]
[BlackTeam "MK Phoenix II"]
[WhiteTeamCountry "ENG"]
[BlackTeamCountry "ENG"]

1. d4 Nf6 2. Bf4 e6 3. e3 c5 4. c3 d5 5. Nd2 Nc6 6. Ngf3 cxd4 7. exd4 Be7 8. Bd3 0-0 9. Qe2 Bd7 10. h4 Nh5 11. Bg5 f6 12. Be3 Bd6 13. Bxh7+ Kxh7 14. Ng5+ Kg6 15. Nh3 e5 16. dxe5 Nxe5 17. 0-0-0 Bf5 18. Nb3 Rc8 19. Rhg1 Ng4 20. Qd2 Nxe3 21. fxe3 Ng3 22. h5+ Kh7 23. Rde1 Re8 24. Nf2 Re7 25. Rd1 Rec7 26. Nd4 Rxc3+ 27. Qxc3 Rxc3+ 28. bxc3 Qa5 29. Kd2 Qxa2+ 30. Ke1 Be5 31. Rd2 Qa1+ 32. Nd1 Bg4 33. Nc2 Qa6 34. Nd4 Ne4 35. Rc2 Bg3+ 36. Nf2 0-1

[Event "BCF-chT2b 1718 (4NCL)"]
[Site "England"]
[Date "2017.11.11"]
[Round "1.88"]
[White "Ng, Chung Lok Andrew"]
[Black "Mountford, Corinne"]
[Result "1-0"]
[WhiteElo "1813"]
[BlackElo "1705"]
[PlyCount "63"]
[EventDate "2017.11.11"]
[EventType "team-tourn"]
[EventRounds "7"]
[EventCountry "ENG"]
[SourceTitle "EXT 2020"]
[Source "ChessBase"]
[SourceDate "2019.10.17"]
[SourceVersion "1"]
[SourceVersionDate "2019.10.17"]
[SourceQuality "1"]
[WhiteTeam "KJCA Kings"]
[BlackTeam "Poisoned Pawns"]
[WhiteTeamCountry "ENG"]
[BlackTeamCountry "ENG"]

1. d4 d5 2. c4 e6 3. Nc3 c5 4. cxd5 exd5 5. Nf3 Nc6 6. g3 Nf6 7. Bg2 Be7 8. 0-0 0-0 9. Bg5 cxd4 10. Nxd4 Be6 11. Rc1 Rc8 12. Nxe6 fxe6 13. Bh3 Qd7 14. e4 d4 15. Qb3 Nd8 16. Rfd1 Kh8 17. e5 Ng8 18. Be3 Bc5 19. Ne2 Ne7 20. Nxd4 Bxd4 21. Rxc8 Qxc8 22. Bxd4 Nec6 23. Bc5 Re8 24. Qe3 b6 25. Bd6 Nf7 26. Bg4 Ncd8 27. Bb4 Kg8 28. Rc1 Qd7 29. f4 Qb5 30. Qd4 Qa6 31. Qd7 Rf8 32. Qe7 1-0

[Event "BCF-chT4S 1617 (4NCL)"]
[Site "England"]
[Date "2017.02.12"]
[Round "6.86"]
[White "Mountford, Corinne"]
[Black "Rowles, Sarah"]
[Result "1/2-1/2"]
[WhiteElo "1712"]
[BlackElo "1540"]
[PlyCount "102"]
[EventDate "2016.11.26"]
[EventType "team-swiss"]
[EventRounds "11"]
[EventCountry "ENG"]
[SourceTitle "EXT 2019"]
[Source "ChessBase"]
[SourceDate "2018.10.10"]
[SourceVersion "1"]
[SourceVersionDate "2018.10.10"]
[SourceQuality "1"]
[WhiteTeam "Poisoned Pawns II"]
[BlackTeam "Iceni II"]
[WhiteTeamCountry "ENG"]
[BlackTeamCountry "ENG"]

1. d4 d5 2. Bf4 c5 3. e3 cxd4 4. exd4 Nf6 5. c3 Bf5 6. Nd2 Nc6 7. h3 e6 8. Ngf3 Bd6 9. Ne5 Qb6 10. Qb3 Qxb3 11. axb3 a6 12. Bh2 Bxe5 13. dxe5 Nd7 14. f4 Nc5 15. Ra2 Nd3+ 16. Bxd3 Bxd3 17. Kf2 0-0 18. Ke3 Bg6 19. g4 d4+ 20. Ke2 Rad8 21. Rf1 Bc2 22. Rf2 Rd5 23. b4 Rfd8 24. Ke1 dxc3 25. bxc3 Bd3 26. Bg1 a5 27. bxa5 Rxa5 28. Rxa5 Nxa5 29. Rh2 Nc4 30. Nxc4 Bxc4 31. Bd4 Ra8 32. Kf2 Ra2+ 33. Kg3 Rxh2 34. Kxh2 g6 35. Kg3 Bd5 36. h4 Bc4 37. Kf2 Bd5 38. Ke3 h6 39. Kd3 b5 40. Ke3 Kg7 41. Bc5 f6 42. exf6+ Kxf6 43. Bd4+ Kf7 44. Be5 Bc4 45. Kd4 Bd5 46. Kc5 Bc4 47. g5 hxg5 48. fxg5 Bd3 49. Bg3 Bc4 50. Kd4 Bd5 51. Ke5 Bc4 1/2-1/2

[Event "BCF-ch U150 103rd"]
[Site "Bournemouth"]
[Date "2016.07.30"]
[Round "2.15"]
[White "Mountford, Corinne"]
[Black "Chadwick, Susan E"]
[Result "1/2-1/2"]
[WhiteElo "1766"]
[BlackElo "1469"]
[PlyCount "103"]
[EventDate "2016.07.29"]
[EventType "swiss"]
[EventRounds "5"]
[EventCountry "ENG"]
[SourceTitle "EXT 2023"]
[Source "ChessBase"]
[SourceDate "2022.10.05"]
[SourceVersion "1"]
[SourceVersionDate "2022.10.05"]
[SourceQuality "1"]

1. d4 d5 2. Bf4 Nf6 3. e3 e6 4. c3 Be7 5. Bd3 Nbd7 6. Nd2 c5 7. h3 cxd4 8. exd4 0-0 9. Ngf3 a6 10. 0-0 b5 11. a3 Nb6 12. Ne5 Bb7 13. Re1 Nc4 14. Rb1 Rc8 15. Ndxc4 bxc4 16. Bc2 Ne4 17. f3 Nf6 18. g4 h6 19. Re2 Nh7 20. Ba4 Ng5 21. Bxg5 Bxg5 22. Qf1 Rc7 23. f4 Bh4 24. Kg2 Be7 25. Re3 Bd6 26. Rbe1 Bxe5 27. Rxe5 Bc8 28. Bc2 Re7 29. Kg3 f6 30. R5e2 g5 31. f5 Qd6+ 32. Kg2 Rfe8 33. fxe6 Rxe6 34. Rxe6 Rxe6 35. Rxe6 Qxe6 36. Bf5 Qe8 37. Bxc8 Qxc8 38. Qf5 Qe8 39. Kg3 Qe1+ 40. Kg2 Qe4+ 41. Qf3 Qxf3+ 42. Kxf3 Kf7 43. Kg3 Ke7 44. h4 Ke6 45. h5 Kd6 46. Kf3 Kc6 47. Ke2 Kb5 48. Kd2 Ka4 49. Kc2 a5 50. Kb1 Kb3 51. Kc1 a4 52. Kb1 1/2-1/2

[Event "BCF-chT2a 0809 (4NCL)"]
[Site "Hinckley Island"]
[Date "2009.01.17"]
[Round "5.8"]
[White "Mountford, Corinne"]
[Black "Milson, Samuel"]
[Result "0-1"]
[WhiteElo "1645"]
[BlackElo "1955"]
[PlyCount "112"]
[EventDate "2008.10.04"]
[EventType "team-tourn"]
[EventRounds "7"]
[EventCountry "ENG"]
[SourceTitle "EXT 2010"]
[Source "ChessBase"]
[SourceDate "2010.11.25"]
[SourceVersion "1"]
[SourceVersionDate "2010.11.25"]
[SourceQuality "1"]
[WhiteTeam "Poisoned Pawns"]
[BlackTeam "Pandoras Box"]
[WhiteTeamCountry "ENG"]
[BlackTeamCountry "ENG"]

1. d4 Nf6 2. Bf4 e6 3. e3 b6 4. Nf3 Bb7 5. Nbd2 d6 6. h3 Nbd7 7. Nc4 Be7 8. c3 0-0 9. Be2 Nd5 10. Bh2 f5 11. 0-0 Qe8 12. Nfd2 Bf6 13. e4 fxe4 14. Nxe4 Ne7 15. Ncd2 e5 16. Nxf6+ Rxf6 17. Bf3 Bxf3 18. Nxf3 exd4 19. Nxd4 Nf5 20. Re1 Qf7 21. Nf3 Nc5 22. b4 Ne6 23. Re2 Rg6 24. Qd5 Rf8 25. Rae1 Ng5 26. Qxf7+ Rxf7 27. Nxg5 Rxg5 28. g3 Nh4 29. Re8+ Rf8 30. R1e7 Re5 31. Rxf8+ Kxf8 32. Rxe5 Nf3+ 33. Kg2 Nxe5 34. f4 Nd3 35. Bg1 c5 36. b5 Ke7 37. Kf3 Ne1+ 38. Ke4 Nc2 39. Kd5 Na3 40. c4 Kd7 41. Ke4 Nxc4 42. f5 Na3 43. g4 Nxb5 44. Kd3 d5 45. Bh2 g6 46. fxg6 hxg6 47. Bf4 Nd6 48. h4 Nf7 49. g5 Ke6 50. Bb8 Ne5+ 51. Kd2 Nc6 52. Bg3 Kf5 53. Be1 Nd4 54. Kd3 Kg4 55. Ke3 Nc2+ 56. Ke2 Nxe1 0-1

[Event "BCF-chT2a 0809 (4NCL)"]
[Site "Hinckley Island"]
[Date "2008.12.07"]
[Round "4.8"]
[White "Mountford, Corinne"]
[Black "Ynojosa Aponte, Angelica Maria"]
[Result "0-1"]
[WhiteElo "1645"]
[BlackElo "1725"]
[PlyCount "74"]
[EventDate "2008.10.04"]
[EventType "team-tourn"]
[EventRounds "7"]
[EventCountry "ENG"]
[SourceTitle "EXT 2010"]
[Source "ChessBase"]
[SourceDate "2010.11.25"]
[SourceVersion "1"]
[SourceVersionDate "2010.11.25"]
[SourceQuality "1"]
[WhiteTeam "Poisoned Pawns"]
[BlackTeam "Barbican Youth"]
[WhiteTeamCountry "ENG"]
[BlackTeamCountry "ENG"]

1. d4 d5 2. Bf4 Nf6 3. e3 Bf5 4. h3 e6 5. Nf3 h6 6. Nbd2 Be7 7. c4 c6 8. a3 0-0 9. Be2 Nbd7 10. 0-0 dxc4 11. Bxc4 Nb6 12. Ba2 a5 13. Bb1 Bxb1 14. Qxb1 Nbd5 15. Bh2 b5 16. e4 Nb6 17. e5 Nfd5 18. Rc1 Rc8 19. Ne4 Nc4 20. Qa2 a4 21. Rxc4 bxc4 22. Qxc4 Qb6 23. Qc2 Rb8 24. Rf1 Qxb2 25. Qxa4 Qxa3 26. Qxa3 Bxa3 27. g4 Rb3 28. Kg2 Rfb8 29. Bg3 Rd3 30. Nc5 Rc3 31. Ne4 Rc2 32. Ned2 Rbb2 33. Rd1 Bb4 34. Ne4 Ne3+ 35. Kh2 Nxd1 36. h4 Rb3 37. Nfd2 Bxd2 0-1

[Event "BCF-chT2a 0809 (4NCL)"]
[Site "Hinckley Island"]
[Date "2008.12.06"]
[Round "3.8"]
[White "Boulton, William"]
[Black "Mountford, Corinne"]
[Result "1-0"]
[WhiteElo "1990"]
[BlackElo "1645"]
[PlyCount "77"]
[EventDate "2008.10.04"]
[EventType "team-tourn"]
[EventRounds "7"]
[EventCountry "ENG"]
[SourceTitle "EXT 2010"]
[Source "ChessBase"]
[SourceDate "2010.11.25"]
[SourceVersion "1"]
[SourceVersionDate "2010.11.25"]
[SourceQuality "1"]
[WhiteTeam "Anglian Avengers"]
[BlackTeam "Poisoned Pawns"]
[WhiteTeamCountry "ENG"]
[BlackTeamCountry "ENG"]

1. d4 g6 2. c4 d6 3. Nc3 Bg7 4. e4 e5 5. d5 Nd7 6. Bd3 Ne7 7. Bg5 h6 8. Be3 b6 9. f3 0-0 10. Qd2 Kh7 11. 0-0-0 a6 12. h4 f5 13. g3 Nf6 14. f4 Ng4 15. h5 Nxe3 16. hxg6+ Nxg6 17. Qxe3 exf4 18. gxf4 Qe8 19. Nge2 Kg8 20. Rdg1 Qf7 21. e5 dxe5 22. fxe5 Kh7 23. e6 Qf6 24. Qg3 Bh8 25. Qxc7+ Bg7 26. Rg2 Rg8 27. Rgh2 Qg5+ 28. Kb1 Qe7 29. Qxe7 Nxe7 30. d6 Bxe6 31. dxe7 Rae8 32. Nd5 Rb8 33. Nef4 Bd7 34. Rh5 Rb7 35. Bxf5+ Bxf5+ 36. Rxf5 Bd4 37. Rf7+ Bg7 38. Nf6+ Kh8 39. Ng6# 1-0

[Event "BCF-chT2 0708 (4NCL)"]
[Site "Sunningdale"]
[Date "2008.05.05"]
[Round "11.8"]
[White "Mountford, Corinne"]
[Black "Norman, Dinah M"]
[Result "0-1"]
[WhiteElo "1615"]
[BlackElo "1965"]
[PlyCount "92"]
[EventDate "2007.09.15"]
[EventType "team-tourn"]
[EventRounds "11"]
[EventCountry "ENG"]
[SourceTitle "EXT 2023"]
[Source "ChessBase"]
[SourceDate "2022.10.05"]
[SourceVersion "1"]
[SourceVersionDate "2022.10.05"]
[SourceQuality "1"]
[WhiteTeam "Poisoned Pawns"]
[BlackTeam "Wessex"]
[WhiteTeamCountry "ENG"]
[BlackTeamCountry "ENG"]

1. d4 d5 2. Bf4 Nf6 3. e3 c6 4. Nf3 Bf5 5. Nbd2 e6 6. Ne5 h6 7. Be2 Be7 8. 0-0 Nbd7 9. c3 Nxe5 10. dxe5 Nd7 11. h3 0-0 12. Bh2 Qb6 13. Qc1 a5 14. Nf3 Nc5 15. Rd1 Rfd8 16. Ne1 Rac8 17. Rd4 Nd7 18. Rd2 c5 19. Bd3 Bxd3 20. Nxd3 c4 21. Nf4 Nc5 22. Re2 Qc6 23. Qc2 b5 24. a3 Nd7 25. Nh5 g6 26. Nf6+ Nxf6 27. exf6 Bxf6 28. Rd1 Qc5 29. Red2 b4 30. axb4 axb4 31. e4 bxc3 32. bxc3 Ra8 33. e5 Bg7 34. Bf4 Ra3 35. Be3 Qa5 36. Bd4 Rb8 37. Kh2 Rbb3 38. Rc1 Qc7 39. f4 Bf8 40. Qd1 Bc5 41. Rdc2 Qa7 42. g4 Bxd4 43. cxd4 Rxh3+ 44. Kg1 Rhd3 45. Rd2 Qxd4+ 46. Kf1 Rxd2 0-1

[Event "BCF-chT2 0708 (4NCL)"]
[Site "Sunningdale"]
[Date "2008.05.03"]
[Round "9.7"]
[White "Mountford, Corinne"]
[Black "Dilleigh, Stephen P"]
[Result "0-1"]
[WhiteElo "1615"]
[BlackElo "2128"]
[PlyCount "60"]
[EventDate "2007.09.15"]
[EventType "team-tourn"]
[EventRounds "11"]
[EventCountry "ENG"]
[SourceTitle "EXT 2023"]
[Source "ChessBase"]
[SourceDate "2022.10.05"]
[SourceVersion "1"]
[SourceVersionDate "2022.10.05"]
[SourceQuality "1"]
[WhiteTeam "Poisoned Pawns"]
[BlackTeam "Bristol"]
[WhiteTeamCountry "ENG"]
[BlackTeamCountry "ENG"]

1. d4 e6 2. Bf4 Nf6 3. e3 c5 4. c3 Be7 5. Nd2 0-0 6. Bd3 cxd4 7. exd4 d6 8. Bc2 Nbd7 9. Ngf3 b6 10. 0-0 Bb7 11. Qe2 Re8 12. Rfe1 Bf8 13. Qd3 g6 14. Nc4 Ba6 15. a4 d5 16. Qe3 dxc4 17. Bh6 Ng4 18. Qf4 Nxh6 19. g4 Bb7 20. Ng5 Bd6 21. Qxd6 Qxg5 22. h3 Qd5 23. Qh2 f5 24. g5 Nf7 25. f4 h6 26. h4 hxg5 27. hxg5 Kg7 28. Re3 Rh8 29. Qg3 Qh1+ 30. Kf2 Rh2+ 0-1